| 000 | 01327nam a22002177a 4500 | ||
|---|---|---|---|
| 999 |
_c60237 _d60237 |
||
| 003 | Ge_BSU | ||
| 005 | 20230621111034.0 | ||
| 008 | 230621s2017 ge ||||| |||| 00| 0 geo d | ||
| 041 | _ageo | ||
| 080 | _a061.12(479.22)+ 001(479.22)(092) მ-59 | ||
| 100 |
_aმეტრეველი, როინ _918856 |
||
| 245 |
_aმეგობრობა გზად და ხიდად : _bაკადემიკოსები მარიამ ლორთქიფანიძე და ოთარ ჯაფარიძე / _cროინ მეტრეველი ; რედაქტორი გ. არახამია ; საქართველოს მეცნიერებათა ეროვნული აკადემია. |
||
| 264 |
_aთბილისი, _c 2017. |
||
| 300 |
_a46 გვ. : _bფოტ. ; _c17 სმ. |
||
| 653 | _aლორთქიფანიძე, მარიამ, 1922-2018. | ||
| 653 | _aჯაფარიძე, ოთარ, 1921-2020 | ||
| 653 | _aქართველი მეცნიერები | ||
| 700 |
_aარახამია, გ. _eრედაქტორი _913440 |
||
| 710 |
_aსაქართველოს მეცნიერებათა ეროვნული აკადემია _918857 |
||
| 942 |
_2udc _cBK |
||